000 00748nam a2200205Ia 4500
001 17574
003 GE_BSU
008 181216s||||||||xx |||||||||||||| ||und||
040 _cGE_BSU
080 _a624.15(035.5)
245 _aСправочник проектировщика: сборные железобетонные конструкции.
245 _cПод общ. ред. В.И.Мурашева, Науч. ред. Л.Е.Темкин.
260 _aМ.
260 _bГосстройиздат.
260 _c1959.
300 _a603 стр. с илл. 26 см.
300 _eТабл.
653 _aСправочник проектировщика: сборные железобетонные конструкции.
942 _cBK
999 _c50624
_d50624